| 000 | 00670nam a2200277Ia 4500 | ||
|---|---|---|---|
| 005 | 20260324114943.0 | ||
| 008 | 008 260324s9999 xx 000 0 eng d | ||
| 020 | _a9781003050674 | ||
| 037 | _aEBOOK | ||
| 040 | _aCRL | ||
| 040 | _beng | ||
| 040 | _cCRL | ||
| 041 | _2eng | ||
| 041 | _aeng | ||
| 084 | _qCRL | ||
| 100 | _aMurat Uzam | ||
| 245 | 0 | _aPIC16F1847 Microcontroller-Based Programmable Logic Controller, Three Volume Set | |
| 260 | _bTaylor and Francis | ||
| 260 | _c2020 | ||
| 365 | _a | ||
| 365 | _b680 | ||
| 856 | _uhttp://www.taylorfrancis.com/books/9781003050674 | ||
| 942 | _cEBOOK | ||
| 999 |
_c1743308 _d1743308 |
||